The watchers / directed and screenplay by Ishana Night Shyamalan ; produced by M. Night Shyamalan, Ashwin Rajan, Nimitt Mankad. (Record no. 20743)

000 -LEADER
fixed length control field 01486nam a22002657a 4500
008 - FIXED-LENGTH DATA ELEMENTS--GENERAL INFORMATION
fixed length control field 250526b xxu||||| |||| 00| 0 eng d
040 ## - CATALOGING SOURCE
Original cataloging agency Cagayan State University
Description conventions RDA
082 ## - DEWEY DECIMAL CLASSIFICATION NUMBER
Classification number 791.4372
Item number W3242 2024
245 ## - TITLE STATEMENT
Title The watchers / directed and screenplay by Ishana Night Shyamalan ; produced by M. Night Shyamalan, Ashwin Rajan, Nimitt Mankad.
260 ## - PUBLICATION, DISTRIBUTION, ETC. (IMPRINT)
Place of publication, distribution, etc United States :
Name of publisher, distributor, etc Warner Bros. Pictures,
Date of publication, distribution, etc 2024.
300 ## - PHYSICAL DESCRIPTION
Extent 1 videofile, (ca. 102 mins.) :
Other physical details sound, color.
520 ## - SUMMARY, ETC.
Summary, etc This forest isn't charted on any map. Every car breaks down at its tree line. Mina's is no different. Left stranded, she is forced into the dark woodland only to find a woman shouting, urging Mina to run to a concrete bunker. As the door slams behind her, the building is besieged by screams. Mina finds herself in a room with a wall of glass, and an electric light that activates at nightfall, when the Watchers come above ground. These creatures emerge to observe their captive humans and terrible things happen to anyone who doesn't reach the bunker in time.
521 ## - TARGET AUDIENCE NOTE
Target audience note Rated PG-13 for violence, terror and some thematic elements.
650 ## - SUBJECT ADDED ENTRY--TOPICAL TERM
Topical term or geographic name as entry element Fantasy.
650 ## - SUBJECT ADDED ENTRY--TOPICAL TERM
Topical term or geographic name as entry element Horror.
650 ## - SUBJECT ADDED ENTRY--TOPICAL TERM
Topical term or geographic name as entry element Mystery.
650 ## - SUBJECT ADDED ENTRY--TOPICAL TERM
Topical term or geographic name as entry element Thriller.
700 ## - ADDED ENTRY--PERSONAL NAME
Personal name Fanning, Dakota, star.
700 ## - ADDED ENTRY--PERSONAL NAME
Personal name Campbell, Georgina, star.
700 ## - ADDED ENTRY--PERSONAL NAME
Personal name Fouéré, Olwen, star.
700 ## - ADDED ENTRY--PERSONAL NAME
Personal name Finnegan, Oliver, star.
700 ## - ADDED ENTRY--PERSONAL NAME
Personal name Arenson, Eli, cinematographer.
700 ## - ADDED ENTRY--PERSONAL NAME
Personal name Burg, Job ter, editor.
942 ## - ADDED ENTRY ELEMENTS (KOHA)
Source of classification or shelving scheme
Item type Audio-Visual Materials
Holdings
Source of acquisition Price effective from Permanent location Date last seen Not for loan Date acquired Source of classification or shelving scheme Koha item type Collection code Shelving location Damaged status Lost status Withdrawn status Current location Full call number
Donation2025-05-26Cagayan State University - Carig Library2025-05-26 2025-05-26 Audio-Visual MaterialsElectronic Media CenterElectronic Media Center   Cagayan State University - Carig Library791.4372 W3242

Cagayan State University University Library, Carig Campus
Tuguegarao City, Cagayan 3500 | www.csucarig.edu.ph

Powered by Koha